000 00845cam a2200253 a 4500
001 416
003 BR-CuiBMT
005 20231122230136.0
008 231106s2011 rjb 000 0 por d
040 _aBR-CuiBMT
_cBR-CuiBMT
080 _22007
_a35.078.3
_x(079.1)
090 _a35.078.3(079.1)
_bL732c
_c4. ed.
100 1 _aLima, Luiz Henrique
245 1 0 _aControle externo :
_bteoria, jurisprudência e mais de 500 questões /
_cLuiz Henrique Lima.
250 _a4. ed., rev., ampl. e atual.
260 _aRio de Janeiro :
_bElsevier,
_c2011.
300 _a503 p. :
_bil. ;
_c24 cm
490 1 _aSérie provas e concursos
504 _aInclui bibliografia.
650 _aControle externo
_xEstudo e ensino
_zBrasil
650 _aControle externo
_xJurisprudência
_xProblemas e exercícios
830 0 _aProvas e concursos
942 _2udc
_cLV
999 _c416
_d416